| 000 | 00481nam a2200181Ia 4500 | ||
|---|---|---|---|
| 008 | 230917s9999||||xx |||||||||||||| ||und|| | ||
| 020 | _cRS 750.00 | ||
| 040 |
_e5005606 _aMAIN |
||
| 041 | _aEnglish | ||
| 082 | _a647.94068 B469F(3) | ||
| 100 | _aBhatnagar, S K | ||
| 245 | 0 | _aFront office management | |
| 250 | _a3rd ed. | ||
| 260 |
_aNew Delhi _bThe Hospitality Press _c2022 |
||
| 300 | _axx, 829 p. | ||
| 500 | _a4501 25/01/2022 IF22/1070 27/01/2022 IHTM (SFS) | ||
| 942 | _cBK | ||
| 999 |
_c5183 _d5183 |
||